| 000 | 00444nam a2200181Ia 4500 | ||
|---|---|---|---|
| 001 | 10410 | ||
| 005 | 20260306161830.0 | ||
| 008 | 260306t2004||||xx |||||||||||||| ||spa|| | ||
| 041 | _aESP | ||
| 082 |
_a923.2 _bD88A |
||
| 100 |
_aGrupo La República _eAUT |
||
| 245 | 0 |
_aEvita Perón: _bpersonajes que hicieron historia |
|
| 260 | _c2004 | ||
| 300 |
_a45 páginas : _c13 cm. |
||
| 650 | _aGEN | ||
| 654 | _aCHU | ||
| 942 |
_cLIB _dJUS _fJUS _2ddc _n |
||
| 999 |
_c10410 _d10410 |
||